000 00748nam0a22002651 4500
001 RU\NLR\INFOCOMM15\ROSSICA\1000005830
005 20250613185156.0
035 _a(NLR Aleph) 009882675
090 _a10480612
_c10480612
100 _a20030611d1821 |||y0rusy50 ca
101 0 _afre
102 _aRU
105 _ay ||||000ay
200 1 _aGrammaire russe à l'usage des étranger précédée d'une introduction sur la langue slavonne
_fCh. Ph. Reiff
210 _aSt.Pétersbourg
_d1821
215 _d
300 _a2 экз.
700 1 _aReiff
_bCh.Ph.
_gCharles Ph.
_4070
801 1 _aRU
_bInfoComm
_c20030611
801 0 _aRU
_bNLR
_gPSBO
852 _aNLR
_j13.2.6.30
942 _cBOOK
980 _aNB
980 _aRossica